01322nam a2200325Ia 4500001001200000003000800012006001900020007001500039008004100054010001700095020001500112020001800127040002100145035002100166050002700187245016700214260003900381300001500420504005100435533015200486650003600638650004800674650004700722655002900769700001700798700002300815710001700838856012600855999001500981ebr10265240CaPaEBRm u cr cn|||||||||060606s2007 nyu sb 001 0 eng d z 2006018587 z082610245X z9780826102454 aCaPaEBRcCaPaEBR a(OCoLC)28539996814aHV6626.2b.F345 2007eb00aFamily interventions in domestic violenceh[electronic resource] :ba handbook of gender-inclusive theory and treatment /cJohn Hamel, Tonia L. Nicholls, editors. aNew York :bSpringer Pub.,cc2007. ali, 642 p. aIncludes bibliographical references and index. aElectronic reproduction.bPalo Alto, Calif. :cebrary,d2009.nAvailable via World Wide Web.nAccess may be limited to ebrary affiliated libraries. 0aFamily violencezUnited States. 0aFamily violencezUnited StatesxPrevention. 0aFamily violencexTreatmentzUnited States. 7aElectronic books.2local1 aHamel, John.1 aNicholls, Tonia L.2 aebrary, Inc.40uhttp://site.ebrary.com/lib/rucke/Doc?id=10265240zAn electronic book accessible through the World Wide Web; click to view c9827d9827